<?xml version="1.0" encoding="UTF-8"?>
<record
    xmlns:xsi="http://www.w3.org/2001/XMLSchema-instance"
    xsi:schemaLocation="http://www.loc.gov/MARC21/slim http://www.loc.gov/standards/marcxml/schema/MARC21slim.xsd"
    xmlns="http://www.loc.gov/MARC21/slim">

  <leader>00777nam a22001937a 4500</leader>
  <controlfield tag="005">20240119121541.0</controlfield>
  <datafield tag="010" ind1=" " ind2=" ">
    <subfield code="a">HIN-126499</subfield>
  </datafield>
  <datafield tag="020" ind1=" " ind2=" ">
    <subfield code="c">895.00</subfield>
    <subfield code="a">818809031-X</subfield>
  </datafield>
  <datafield tag="035" ind1=" " ind2=" ">
    <subfield code="a">HN-99145</subfield>
  </datafield>
  <datafield tag="037" ind1=" " ind2=" ">
    <subfield code="b">DBAD/PUB</subfield>
  </datafield>
  <datafield tag="082" ind1=" " ind2=" ">
    <subfield code="a">305.5</subfield>
  </datafield>
  <datafield tag="100" ind1=" " ind2=" ">
    <subfield code="a">&#x938;&#x93F;&#x902;&#x939;, &#x906;&#x930; .&#x92A;&#x940; </subfield>
    <subfield code="9">61128</subfield>
  </datafield>
  <datafield tag="245" ind1=" " ind2=" ">
    <subfield code="a">&#x92A;&#x902;&#x921;&#x93F;&#x924; &#x928;&#x947;&#x939;&#x930;&#x941; &#x915;&#x940; 99 &#x90F;&#x924;&#x93F;&#x939;&#x93E;&#x938;&#x93F;&#x915; &#x92D;&#x942;&#x932;&#x947;   /</subfield>
  </datafield>
  <datafield tag="260" ind1=" " ind2=" ">
    <subfield code="a"> &#x926;&#x93F;&#x932;&#x94D;&#x932;&#x940;  </subfield>
    <subfield code="b">&#x938;&#x94D;&#x935;&#x938;&#x94D;&#x924;&#x93F;&#x915; &#x92A;&#x94D;&#x930;&#x915;&#x93E;&#x936;&#x928; </subfield>
    <subfield code="c">2022</subfield>
  </datafield>
  <datafield tag="270" ind1=" " ind2=" ">
    <subfield code="b"> &#x926;&#x93F;&#x932;&#x94D;&#x932;&#x940;  </subfield>
    <subfield code="a">&#x906;&#x924;&#x94D;&#x92E;&#x93E; &#x930;&#x93E;&#x92E; &#x92C;&#x93F;&#x932;&#x94D;&#x921;&#x93F;&#x902;&#x917;, 1376, &#x915;&#x936;&#x94D;&#x92E;&#x940;&#x930;&#x940; &#x917;&#x947;&#x91F; , &#x926;&#x93F;&#x932;&#x94D;&#x932;&#x940; </subfield>
    <subfield code="e">110006</subfield>
  </datafield>
  <datafield tag="300" ind1=" " ind2=" ">
    <subfield code="a">360 p.</subfield>
    <subfield code="c">23 cm(Hbk)</subfield>
  </datafield>
  <datafield tag="710" ind1=" " ind2=" ">
    <subfield code="a">Roma Chatterjee</subfield>
    <subfield code="e">Editor</subfield>
    <subfield code="9">59600</subfield>
  </datafield>
  <datafield tag="942" ind1=" " ind2=" ">
    <subfield code="2">ddc</subfield>
    <subfield code="c">HN</subfield>
    <subfield code="h">305.5</subfield>
    <subfield code="m">&#x92A;&#x902;&#x921;&#x93F;&#x924;</subfield>
  </datafield>
  <datafield tag="999" ind1=" " ind2=" ">
    <subfield code="c">200279</subfield>
    <subfield code="d">200279</subfield>
  </datafield>
</record>
